00305nam a2200121Ia 4500008004100000041000800041082001500049100002000064245003300084260003400117300002500151365000700176240624s9999 xx 000 0 und d aeng a658.84 NAP aNAPIER ALBERT H aCREATING A WINNING EBUSINESS c2003aSingaporebThomson Asia axix, : 420 : cm ; 25 cRS